Electrical machines and automatic control / (Record no. 23615)
[ view plain ]
| 000 -LEADER | |
|---|---|
| fixed length control field | 00816nam a22002535a 4500 |
| 008 - FIXED-LENGTH DATA ELEMENTS--GENERAL INFORMATION | |
| fixed length control field | 161219s2014 ii a|||fr|||| 000 0 eng d |
| 020 ## - INTERNATIONAL STANDARD BOOK NUMBER | |
| International Standard Book Number | 9350389762 |
| 020 ## - INTERNATIONAL STANDARD BOOK NUMBER | |
| International Standard Book Number | 9789350389768 |
| 040 ## - CATALOGING SOURCE | |
| Original cataloging agency | EG-ScBUE |
| Language of cataloging | eng |
| Transcribing agency | EG-ScBUE |
| 082 04 - DEWEY DECIMAL CLASSIFICATION NUMBER | |
| Edition number | 22 |
| Classification number | 621.31042 |
| Item number | BAK |
| 100 1# - MAIN ENTRY--PERSONAL NAME | |
| 9 (RLIN) | 12771 |
| Personal name | Bakshi, Uday A. |
| 245 ## - TITLE STATEMENT | |
| Title | Electrical machines and automatic control / |
| Statement of responsibility, etc | Uday A. Bakshi, Varsha U. Bakshi |
| 250 ## - EDITION STATEMENT | |
| Edition statement | 5th, rev. ed. |
| 260 ## - PUBLICATION, DISTRIBUTION, ETC. (IMPRINT) | |
| Place of publication, distribution, etc | India : |
| Name of publisher, distributor, etc | Technical Publications, |
| Date of publication, distribution, etc | 2014. |
| 300 ## - PHYSICAL DESCRIPTION | |
| Extent | 1 v. (various pagings) : |
| Other physical details | ill. ; |
| Dimensions | 22 cm. |
| 590 ## - LOCAL NOTE (RLIN) | |
| Local note | Wessam |
| 650 #7 - SUBJECT ADDED ENTRY--TOPICAL TERM | |
| Source of heading or term | BUEsh |
| 9 (RLIN) | 3725 |
| Topical term or geographic name as entry element | Power electronics. |
| 650 #7 - SUBJECT ADDED ENTRY--TOPICAL TERM | |
| 9 (RLIN) | 17796 |
| Topical term or geographic name as entry element | Electric transformers. |
| 650 #7 - SUBJECT ADDED ENTRY--TOPICAL TERM | |
| 9 (RLIN) | 6121 |
| Topical term or geographic name as entry element | Electric machinery. |
| 651 ## - SUBJECT ADDED ENTRY--GEOGRAPHIC NAME | |
| Source of heading or term | BUEsh |
| 653 ## - INDEX TERM--UNCONTROLLED | |
| Resource For college | Engineering, Mechanical |
| Arrived date list | December2016 |
| 700 1# - ADDED ENTRY--PERSONAL NAME | |
| 9 (RLIN) | 41728 |
| Personal name | Bakshi, Varsha U. |
| 942 ## - ADDED ENTRY ELEMENTS (KOHA) | |
| Source of classification or shelving scheme | Dewey Decimal Classification |
| Edition | 22 |
| Call number prefix | 621.31042 BAK |
| Withdrawn status | Item status | Source of classification or shelving scheme | Damaged status | Not for loan | Vendor | Home library | Current library | Shelving location | Date acquired | Source of acquisition | Cost, normal purchase price | Serial Enumeration / chronology | Total Checkouts | Total Renewals | Full call number | Barcode | Date last seen | Date last borrowed | Cost, replacement price | Koha item type |
|---|---|---|---|---|---|---|---|---|---|---|---|---|---|---|---|---|---|---|---|---|
| Dewey Decimal Classification | Alahram | Central Library | Central Library | First floor | 19/12/2016 | Purchase | 163.00 | 117 | 1 | 1 | 621.31042 BAK | 000045240 | 15/07/2025 | 04/10/2018 | 203.75 | Book - Borrowing |